| 000 | 00991nmc a2200337 a 4500 | ||
|---|---|---|---|
| 003 | AR-BaBNM | ||
| 005 | 20251128210045.0 | ||
| 008 | 011101s1992 ||||||||||||||000 | spa|| | ||
| 020 | _a84-7738-149-6 | ||
| 040 | _cAR-BaBNM | ||
| 100 | 1 | _aBestard Monroig, Juan | |
| 245 | 1 | 0 |
_aLa didáctica de la lengua inglesa _bfundamentos lingüísticos y metodológicos |
| 260 |
_aMadrid _bSíntesis _c1992 |
||
| 300 | 0 | _a207 p. | |
| 490 | 0 | _aLetras universitarias | |
| 500 | 0 | _aContiene índice general p. 5-7 | |
| 504 | _aContiene bibliografía al final de cada capítulo | ||
| 650 | 4 | _aENSENANZA DE SEGUNDA LENGUA | |
| 650 | 4 | _aINGLES | |
| 650 | 4 | _aAPRENDIZAJE | |
| 650 | 4 | _aDIFICULTADES EN EL APRENDIZAJE | |
| 650 | 4 | _aMETODOS DE ENSENANZA | |
| 650 | 4 | _aLECTURA | |
| 650 | 4 | _aESCRITURA | |
| 650 | 4 | _aACTIVIDADES DE APRENDIZAJE | |
| 650 | 4 | _aJUEGOS EDUCATIVOS | |
| 650 | 4 | _aDRAMATIZACION | |
| 700 | 1 | _aPérez Martín, María Concepción | |
| 942 | _cBK | ||
| 998 | _cRaquel | ||
| 999 |
_c13839 _d13839 |
||